| 000 -LEADER |
| fixed length control field |
02621cam a2200445 a 4500 |
| 001 - CONTROL NUMBER |
| control field |
16185890 |
| 005 - DATE AND TIME OF LATEST TRANSACTION |
| control field |
20170130160303.0 |
| 008 - FIXED-LENGTH DATA ELEMENTS--GENERAL INFORMATION |
| fixed length control field |
100414s2010 txua bc 000 0 eng |
| 010 ## - LIBRARY OF CONGRESS CONTROL NUMBER |
| LC control number |
2010926781 |
| 015 ## - NATIONAL BIBLIOGRAPHY NUMBER |
| National bibliography number |
GBB066965 |
| Source |
bnb |
| 016 7# - NATIONAL BIBLIOGRAPHIC AGENCY CONTROL NUMBER |
| Record control number |
015566049 |
| Source |
Uk |
| 020 ## - INTERNATIONAL STANDARD BOOK NUMBER |
| International Standard Book Number |
9780300166118 (trade ed. : hardcover) |
| 020 ## - INTERNATIONAL STANDARD BOOK NUMBER |
| International Standard Book Number |
0300166117 (trade ed. : hardcover) |
| 020 ## - INTERNATIONAL STANDARD BOOK NUMBER |
| International Standard Book Number |
9780939594672 (museum ed. : paperback) |
| 020 ## - INTERNATIONAL STANDARD BOOK NUMBER |
| International Standard Book Number |
0939594676 (museum ed. : paperback) |
| 035 ## - SYSTEM CONTROL NUMBER |
| System control number |
(OCoLC)ocn636908011 |
| 040 ## - CATALOGING SOURCE |
| Original cataloging agency |
DLC |
| Transcribing agency |
STF |
| Modifying agency |
UKM |
| -- |
BTCTA |
| -- |
ERASA |
| -- |
YDXCP |
| -- |
C#P |
| -- |
BWX |
| -- |
CDX |
| -- |
UKTTE |
| -- |
GZM |
| -- |
PMC |
| -- |
UKWOH |
| -- |
FDA |
| -- |
CUK |
| -- |
UKMGB |
| -- |
MIX |
| -- |
VP@ |
| -- |
DLC |
| 042 ## - AUTHENTICATION CODE |
| Authentication code |
pcc |
| 050 00 - LIBRARY OF CONGRESS CALL NUMBER |
| Classification number |
N6889 |
| Item number |
.S42A4 2010 |
| 100 1# - MAIN ENTRY--PERSONAL NAME |
| Personal name |
Schwitters, Kurt, |
| Dates associated with a name |
1887-1948. |
| 245 10 - TITLE STATEMENT |
| Title |
Kurt Schwitters : |
| Remainder of title |
color and collage / |
| Statement of responsibility, etc. |
edited by Isabel Schulz ; contributions by Leah Dickerman ... [et al.]. |
| 260 ## - PUBLICATION, DISTRIBUTION, ETC. (IMPRINT) |
| Place of publication, distribution, etc. |
Houston, Tex. : |
| Name of publisher, distributor, etc. |
Menil Collection ; |
| Place of publication, distribution, etc. |
New Haven, Conn. : |
| Name of publisher, distributor, etc. |
Distributed by Yale University Press, |
| Date of publication, distribution, etc. |
c2010. |
| 300 ## - PHYSICAL DESCRIPTION |
| Extent |
176 p. : |
| Other physical details |
ill. (chiefly col.) ; |
| Dimensions |
30 cm. |
| 500 ## - GENERAL NOTE |
| General note |
The Menil Collection, Houston, October 22, 2010-January 30, 2011; Princeton University Art Museum, March 26-June 26, 2011; University of California, Berkeley Art Museum and Pacific Film Archive, August 3-November 27, 2011. |
| 504 ## - BIBLIOGRAPHY, ETC. NOTE |
| Bibliography, etc |
Includes bibliographical references (p. 171-174). |
| 505 00 - FORMATTED CONTENTS NOTE |
| Title |
Kurt Schwitters : color and collage / |
| Statement of responsibility |
Isabel Schulz -- |
| Title |
Schwitters fec. / |
| Statement of responsibility |
Leah Dickerman -- |
| Title |
Kurt Schwitters's Merzbau / |
| Statement of responsibility |
Gwendolen Webster. |
| 520 8# - SUMMARY, ETC. |
| Summary, etc. |
Best known for his extraordinary abstract collages, Kurt Schwitters is one of the most influential figures of the international avant-garde. This volume emphasizes the significance of colour and light in the artist's work, as well as delving into the relationship between collage and painting. |
| 600 10 - SUBJECT ADDED ENTRY--PERSONAL NAME |
| Personal name |
Schwitters, Kurt, |
| Dates associated with a name |
1887-1948 |
| Form subdivision |
Exhibitions. |
| 600 17 - SUBJECT ADDED ENTRY--PERSONAL NAME |
| Personal name |
Schwitters, Kurt, |
| Dates associated with a name |
1887-1948 |
| Form subdivision |
Exhibitions. |
| Source of heading or term |
sears |
| 700 1# - ADDED ENTRY--PERSONAL NAME |
| Personal name |
Schulz, Isabel. |
| 700 1# - ADDED ENTRY--PERSONAL NAME |
| Personal name |
Dickerman, Leah, |
| Dates associated with a name |
1964- |
| 710 2# - ADDED ENTRY--CORPORATE NAME |
| Corporate name or jurisdiction name as entry element |
Menil Collection (Houston, Tex.) |
| 710 2# - ADDED ENTRY--CORPORATE NAME |
| Corporate name or jurisdiction name as entry element |
Princeton University. |
| Subordinate unit |
Art Museum. |
| 710 2# - ADDED ENTRY--CORPORATE NAME |
| Corporate name or jurisdiction name as entry element |
Berkeley Art Museum and Pacific Film Archive. |
| 942 ## - ADDED ENTRY ELEMENTS (KOHA) |
| Source of classification or shelving scheme |
|
| Koha item type |
Hard Covered Materials |
| Classification part |
N6889 .S42A4 2010 |